Państwa Imperium Brytyjskiego - Statystyki

Ogólne statystyki
  • Ten quiz został rozwiązany 1 489 razy
    1 165 od ostatniego zresetowania
  • Średni wynik to 23 z 55
Statystyki odpowiedzi
Państwa % Poprawnych
Kanada
92%
Indie
85%
Australia
84%
Irlandia
83%
USA
80%
Południowa Afryka
79%
Nowa Zelandia
76%
Wielka Brytania
76%
Egipt
74%
Pakistan
63%
Sudan
63%
Chiny
50%
Sudan Południowy
50%
Kenia
49%
Bangladesz
48%
Irak
48%
Somalia
46%
Izrael
45%
Nigeria
44%
Birma
43%
Jemen
43%
Oman
43%
Tanzania
43%
Lesotho
40%
Malezja
40%
Zambia
40%
Zimbabwe
40%
Iran
39%
Nepal
37%
Sri Lanka
36%
Katar
35%
Kuwejt
35%
Papua-Nowa Gwinea
35%
Singapur
35%
Zjednoczone Emiraty Arabskie
34%
Botswana
33%
Uganda
33%
Afganistan
32%
Jordania
32%
Jordania
32%
Bahrajn
29%
Gujana
29%
Erytrea
26%
Ghana
25%
Palestyna
24%
Malediwy
22%
Suazi
22%
Brunei
21%
Hong Kong
21%
Wyspy Marshalla
21%
Malawi
18%
Wyspy Salomona
18%
Gwinea Bissau
9%
Nowa Kaledonia
5%
Serria Leone
2%
Nie znaleziono quizów pasujących do podanych kryteriów
Rozkład punktacji
Procent ludzi z każdym wynikiem
Percentyl według liczby udzielonych odpowiedzi
Twoja historia wyników
Nie rozwiązałeś tego quizu od ostatniego zresetowania